[Event "Lions Cup Den Haag"]
[Site "SchemingMind.com"]
[Date "2013.10.03"]
[Round "-"]
[White "Iucounu"]
[Black "alexyongpohweng"]
[Result "1-0"]
[WhiteCountry "ENG"]
[BlackCountry "MAS"]
[WhiteElo "1494"]
[WhiteRD "57"]
[BlackElo "1324"]
[BlackRD "46"]
[GameID "339316"]

1. e4 e5 2. f4 exf4 3. Nf3 Nf6 4. e5 Nd5 5. c4 Ne7 6. d4 Ng6 7. Bd3 Bb4+ 8. Nc3 Bxc3+ 9. bxc3 O-O 10. O-O d6
11. d5 dxe5 12. Bxg6 fxg6 13. Nxe5 Qf6 14. Qd4 Na6 15. Qxf4 Qxf4 16. Rxf4 Rxf4 17. Bxf4 Bf5 18. a3 Nc5 19. h3 Na4 20. Bd2 Nb6
21. g4 Bc8 22. a4 c6 23. a5 Nd7 24. Nxd7 Bxd7 25. d6 Kf7 26. c5 Ke6 27. c4 Ke5 28. Be3 Ke4 29. Bf2 Kd3 30. Re1 Kxc4
31. Re7 Rd8 32. Rxg7 h6 33. Rxg6 Kb5 34. Rxh6 Kxa5 35. Rh7 Kb5 36. Bh4 a5 37. Bxd8
1-0

[Event "Lions Cup Den Haag"]
[Site "SchemingMind.com"]
[Date "2013.10.02"]
[Round "-"]
[White "alexyongpohweng"]
[Black "Iucounu"]
[Result "0-1"]
[WhiteCountry "MAS"]
[BlackCountry "ENG"]
[WhiteElo "1324"]
[WhiteRD "46"]
[BlackElo "1494"]
[BlackRD "57"]
[GameID "339317"]

1. e4 d5 2. exd5 Qxd5 3. Nc3 Qa5 4. d3 Nf6 5. Bd2 c6 6. h3 Bf5 7. a3 e6 8. b4 Qc7 9. Nf3 Be7 10. Be2 O-O
11. O-O Nbd7 12. b5 Nd5 13. Nxd5 cxd5 14. c3 Bf6 15. d4 Nb6 16. a4 Bg6 17. Be3 Nc4 18. Bxc4 Qxc4 19. Rc1 b6 20. Nd2 Qc7
21. Nf3 Be4 22. Nd2 Rac8 23. Nxe4 dxe4 24. f3 exf3 25. gxf3 Qg3+ 26. Kh1 Qxh3+ 27. Kg1 Bh4 28. Qe2 Qg3+ 29. Qg2 Qxg2+
0-1

[Event "Lions Cup Den Haag"]
[Site "SchemingMind.com"]
[Date "2013.10.05"]
[Round "-"]
[White "Timaeus"]
[Black "alexyongpohweng"]
[Result "1-0"]
[WhiteCountry "JPN"]
[BlackCountry "MAS"]
[WhiteElo "1462"]
[WhiteRD "77"]
[BlackElo "1309"]
[BlackRD "50"]
[GameID "339635"]

1. c4 c5 2. d3 h6 3. e4 Nf6 4. g3 g6 5. Nc3 Bg7 6. f4 O-O 7. e5 Nh7 8. g4 d6 9. d4 cxd4 10. Qxd4 dxe5
11. Qf2 Bxg4 12. Be2 Bxe2 13. Ngxe2 exf4 14. Nxf4 Nc6 15. O-O Ne5 16. Qe2 f6 17. c5 Qe8 18. Ne6 Rf7 19. Nc7 Qc8 20. Nxa8 Qxa8
21. Bf4 Nc6 22. Rad1 Rf8 23. Rd7 b6 24. cxb6 axb6 25. Nd5 Rf7 26. Nxe7+ Nxe7 27. Rxe7 Rxe7 28. Qxe7 Qxa2 29. Qd8+ Bf8 30. Bxh6 Qf7
31. Bxf8 Qxf8 32. Qxb6 Kg7 33. b4 Qe8 34. Rb1 Qf7 35. Qa6 Ng5 36. b5 Ne6 37. b6 Nc5 38. Qa7 Qe7 39. Qxe7+
1-0

[Event "Lions Cup Den Haag"]
[Site "SchemingMind.com"]
[Date "2013.10.09"]
[Round "-"]
[White "Timaeus"]
[Black "Iucounu"]
[Result "1-0"]
[WhiteCountry "JPN"]
[BlackCountry "ENG"]
[WhiteElo "1485"]
[WhiteRD "73"]
[BlackElo "1289"]
[BlackRD "49"]
[GameID "339636"]

1. c4 e5 2. e4 c6 3. Nf3 d6 4. d3 Nf6 5. h3 Be6 6. Be3 Nbd7 7. Be2 Be7 8. O-O O-O 9. Nc3 Nb6 10. b3 Qc7
11. Bxb6 axb6 12. Qd2 h6 13. Nh2 Bd7 14. Bg4 Nxg4 15. hxg4 Bg5 16. Qe2 Bf4 17. g3 Bg5 18. f3 Be7 19. f4 Bf6 20. Rf2 exf4
21. gxf4
1-0

[Event "Lions Cup Den Haag"]
[Site "SchemingMind.com"]
[Date "2013.10.05"]
[Round "-"]
[White "alexyongpohweng"]
[Black "Timaeus"]
[Result "1-0"]
[WhiteCountry "MAS"]
[BlackCountry "JPN"]
[WhiteElo "1324"]
[WhiteRD "46"]
[BlackElo "1443"]
[BlackRD "74"]
[GameID "339637"]

1. e4 d5 2. exd5 c6 3. dxc6 Nxc6 4. Bb5 e5 5. Bxc6+ bxc6 6. Qe2 Bd6 7. Qc4 c5 8. Qe4 Be6 9. Qc6+ Kf8 10. Nf3 Ne7
11. Qe4 Bd5 12. Qe2 f6 13. O-O Kf7 14. Nc3 Re8 15. Nxd5 Nxd5 16. d3 Nf4 17. Bxf4 exf4 18. Qd2 Be5 19. Nxe5+ Rxe5 20. Qxf4 Rb8
21. b3 a5 22. Qg3 g5 23. Qh3 Kg6 24. Rfe1 Qe7 25. Rxe5 Qxe5 26. Rd1 Qe2 27. Rc1 Re8 28. g3 Qd2 29. Qf1 Qc3 30. Qd1 h5
31. Qf3 Re1+ 32. Rxe1 Qxe1+ 33. Kg2 g4 34. Qe4+ Qxe4+ 35. dxe4 Kf7 36. f3 Ke6 37. f4 Kd6 38. Kf2 Ke6 39. Ke3 f5 40. exf5+ Kxf5
41. c3 Ke6 42. Ke4 Kd6 43. f5
1-0

[Event "Lions Cup Den Haag"]
[Site "SchemingMind.com"]
[Date "2013.10.09"]
[Round "-"]
[White "Iucounu"]
[Black "Timaeus"]
[Result "0-1"]
[WhiteCountry "ENG"]
[BlackCountry "JPN"]
[WhiteElo "1494"]
[WhiteRD "57"]
[BlackElo "1443"]
[BlackRD "74"]
[GameID "339638"]

1. e4 e5 2. f4 exf4 3. Nf3 Bd6 4. d4 c6 5. e5 Be7 6. Bxf4 d5 7. Be2 Bf5 8. O-O h6 9. Nbd2 f6 10. exf6 Nxf6
11. Ne5 O-O 12. Ng6 Bxg6 13. Be5 Bd6 14. Bxd6 Qxd6 15. b3 Qe6 16. Kh1 Nbd7 17. h3 Bxc2 18. Qxc2 Rf7 19. Bf3 Raf8 20. Rae1 Qd6
0-1

[Event "Lions Cup Den Haag"]
[Site "SchemingMind.com"]
[Date "2013.10.08"]
[Round "-"]
[White "Chessibelle"]
[Black "alexyongpohweng"]
[Result "0-1"]
[WhiteCountry "ENG"]
[BlackCountry "MAS"]
[WhiteElo "1129"]
[WhiteRD "55"]
[BlackElo "1309"]
[BlackRD "50"]
[GameID "339755"]

1. Nf3 d5 2. d4 Nf6 3. Bf4 g6 4. Nc3 Bg7 5. h3 O-O 6. e3 Nc6 7. Ng5 h6 8. Nf3 g5 9. Bh2 a6 10. Be2 b6
11. Qd3 Nb4 12. Qd2 Ne4 13. Qc1 Nxc3 14. bxc3 Nc6 15. c4 dxc4 16. Bxc4 b5 17. Bb3 a5 18. a4 b4 19. Rb1 Bb7 20. O-O Na7
21. c3 Bxf3 22. gxf3 e5 23. dxe5 Nc6 24. Qc2 Nxe5 25. f4 Nf3+ 26. Kh1 Bxc3 27. Rbd1 Qf6 28. Bd5 Nxh2 29. Kxh2 Kg7 30. Ba2 c5
31. Bb1 Rfe8 32. Qh7+ Kf8 33. Qd3 Rad8 34. Qe2 gxf4 35. Qg4 fxe3 36. Rc1 e2 37. Bf5 exf1=Q 38. Rxf1 Re5 39. Bc2 Qd6 40. f4 Re6
41. Qf5 Re2+ 42. Kg3 Qg6+ 43. Kf3 Qg2#
0-1

[Event "Lions Cup Den Haag"]
[Site "SchemingMind.com"]
[Date "2013.10.07"]
[Round "-"]
[White "Chessibelle"]
[Black "Timaeus"]
[Result "0-1"]
[WhiteCountry "ENG"]
[BlackCountry "JPN"]
[WhiteElo "1156"]
[WhiteRD "57"]
[BlackElo "1484"]
[BlackRD "75"]
[GameID "339756"]

1. Nf3 d6 2. d4 h6 3. Nc3 Nf6 4. e3 e6 5. Bb5+ Bd7 6. Bd3 Be7 7. e4 O-O 8. Be3 Nc6 9. g3 Ng4 10. Bf4 e5
11. dxe5 dxe5 12. Be3 Nxe3 13. Qd2 Ng4 14. Bc4 Be6 15. Bd3 Bb4 16. a3 Bxc3 17. Qxc3 Qd6 18. O-O a6 19. Qd2 Nd4 20. Qd1 Nf6
21. Qd2 Nxf3+
0-1

[Event "Lions Cup Den Haag"]
[Site "SchemingMind.com"]
[Date "2013.10.12"]
[Round "-"]
[White "Chessibelle"]
[Black "Iucounu"]
[Result "0-1"]
[WhiteCountry "ENG"]
[BlackCountry "ENG"]
[WhiteElo "1129"]
[WhiteRD "55"]
[BlackElo "1464"]
[BlackRD "57"]
[GameID "339757"]

1. Nf3 Nf6 2. d4 d5 3. Nc3 e6 4. e3 c5 5. Bd2 Nc6 6. Bb5 Qc7 7. g3 Bd7 8. Bd3 c4 9. Be2 Bb4 10. a3 Bxc3
11. Bxc3 Ne4 12. O-O O-O 13. Qe1 Ne7 14. Ba5 b6 15. Bb4 Rfe8 16. Ne5 a5 17. Bd2 Nc6 18. Nxd7 Qxd7 19. Bg4 f5 20. Bh5 g6
21. Bf3 h5 22. Bg2 g5 23. f3 Nxd2 24. Qxd2 Qg7 25. Qe2 b5 26. b3 Kh7 27. f4 g4 28. a4 Qb7 29. Rfe1 cxb3 30. cxb3 b4
31. Bf1 Kg6 32. Qg2 Rec8 33. Be2 Ne7 34. h3 Rh8 35. Kf2 Rac8 36. Rh1 Rh6 37. Bd3 Rc3 38. Qf1 Rxb3 39. Bb5 Rb2+ 40. Kg1 Rb3
41. Qd1 Rxe3 42. Kg2 Nc6 43. Kf2 Re4 44. Rc1 Nxd4 45. Bf1 Qb6 46. Rc8 Ne2+ 47. Kg2 gxh3+ 48. Rxh3 Nc3 49. Qc2 d4 50. Bd3 Re3
51. Bf1 Qb7+ 52. Kf2 Qxc8 53. Bb5 Ne4+
0-1

[Event "Lions Cup Den Haag"]
[Site "SchemingMind.com"]
[Date "2013.10.08"]
[Round "-"]
[White "alexyongpohweng"]
[Black "Chessibelle"]
[Result "1-0"]
[WhiteCountry "MAS"]
[BlackCountry "ENG"]
[WhiteElo "1346"]
[WhiteRD "59"]
[BlackElo "1156"]
[BlackRD "57"]
[GameID "339758"]

1. e4 e5 2. Bc4 Nf6 3. Nf3 h6 4. Nxe5 d6 5. Nxf7 Qd7 6. Nxh8 Qc6 7. d3 Nbd7 8. Ng6 Ne5 9. Nxe5 dxe5 10. O-O Bd7
11. Nc3 Bg4 12. f3 Bh5 13. Bb5
1-0

[Event "Lions Cup Den Haag"]
[Site "SchemingMind.com"]
[Date "2013.10.07"]
[Round "-"]
[White "Timaeus"]
[Black "Chessibelle"]
[Result "1-0"]
[WhiteCountry "JPN"]
[BlackCountry "ENG"]
[WhiteElo "1484"]
[WhiteRD "75"]
[BlackElo "1156"]
[BlackRD "57"]
[GameID "339759"]

1. c4 e5 2. e4 Nf6 3. d3 Nc6 4. Bg5 d6 5. Nf3 h6 6. Be3 b6 7. h3 Bd7 8. Be2 Be7 9. Nc3 Nh5 10. O-O Nf4
11. Bxf4 exf4 12. Nd5 g5 13. g4 Bf8 14. d4 Bg7 15. b3 h5 16. Nxg5 O-O 17. Nf3 hxg4 18. hxg4 Bxg4 19. Nxf4 Bh6 20. Nh2 Qh4
21. Ng2 Qg5 22. Bxg4 Ne7 23. f4 Qg6 24. f5 Qg5 25. f6 Ng6 26. Rf5 Qd2 27. Qxd2 Bxd2 28. Bh5 Bc3 29. Rd1 Rfe8 30. Bxg6 fxg6
31. f7+ Kf8 32. fxe8=Q+
1-0

[Event "Lions Cup Den Haag"]
[Site "SchemingMind.com"]
[Date "2013.10.12"]
[Round "-"]
[White "Iucounu"]
[Black "Chessibelle"]
[Result "1-0"]
[WhiteCountry "ENG"]
[BlackCountry "ENG"]
[WhiteElo "1464"]
[WhiteRD "57"]
[BlackElo "1129"]
[BlackRD "55"]
[GameID "339760"]

1. e4 e5 2. f4 Nc6 3. Nf3 d6 4. Bc4 Nf6 5. Nc3 Be7 6. d3 Bg4 7. O-O O-O 8. h3 Bh5 9. g4 Nxg4 10. hxg4 Bxg4
11. Be3 b6 12. Qd2 Qd7 13. f5 g6 14. fxg6 Bh3 15. gxf7+ Kh8 16. Bh6 Qg4+ 17. Kf2 Nd8 18. Rg1 Qh5 19. Bxf8 Nxf7 20. Bxe7 c6
21. Bf6#
1-0

[Event "Lions Cup Den Haag"]
[Site "SchemingMind.com"]
[Date "2013.10.11"]
[Round "-"]
[White "celticfc1888"]
[Black "alexyongpohweng"]
[Result "1-0"]
[WhiteCountry "IRL"]
[BlackCountry "MAS"]
[WhiteElo "1463"]
[WhiteRD "87"]
[BlackElo "1309"]
[BlackRD "50"]
[GameID "339916"]

1. e4 e5 2. Nf3 d6 3. h3 Nf6 4. Nc3 c6 5. d3 g6 6. Bg5 Bg7 7. a3 O-O 8. Be2 h6 9. Be3 b6 10. b4 a5
11. bxa5 bxa5 12. O-O Na6 13. Na4 Bb7 14. Rb1 Rb8 15. Ba7 Qc7 16. Bxb8 Qxb8 17. d4 Nxe4 18. Bxa6 Nc3 19. Nxc3 e4 20. Nxe4 d5
21. Nc5 Qa7 22. Rxb7 Qa8 23. Qd2 f6 24. Qxa5 Qe8 25. Re1 Qa8 26. Qc7 Rf7 27. Qxf7+
1-0

[Event "Lions Cup Den Haag"]
[Site "SchemingMind.com"]
[Date "2013.10.10"]
[Round "-"]
[White "celticfc1888"]
[Black "Timaeus"]
[Result "1-0"]
[WhiteCountry "IRL"]
[BlackCountry "JPN"]
[WhiteElo "1463"]
[WhiteRD "87"]
[BlackElo "1462"]
[BlackRD "77"]
[GameID "339917"]

1. e4 e5 2. Nf3 Nc6 3. a3 Nf6 4. Nc3 d6 5. h3 Be6 6. d3 Be7 7. Be2 d5 8. exd5 Bxd5 9. Nxd5 Qxd5 10. c4 Qd7
11. O-O O-O-O 12. Be3 h6 13. Nh2 Kb8 14. b4 Bxb4 15. axb4 Nxb4 16. Bxa7+ Kc8 17. Ra3 b6 18. Ng4 Rhe8 19. Qa4 Qxa4 20. Rxa4 Nc6
21. Nxf6 Re6 22. Ne4 Kb7 23. Bxb6 cxb6 24. Rb1 Kc7 25. c5 bxc5 26. Nxc5 Red6 27. Rb7+ Kc8 28. Ra8+
1-0

[Event "Lions Cup Den Haag"]
[Site "SchemingMind.com"]
[Date "2013.10.15"]
[Round "-"]
[White "celticfc1888"]
[Black "Iucounu"]
[Result "1/2-1/2"]
[WhiteCountry "IRL"]
[BlackCountry "ENG"]
[WhiteElo "1463"]
[WhiteRD "87"]
[BlackElo "1464"]
[BlackRD "57"]
[GameID "339918"]

1. e4 d5 2. exd5 Qxd5 3. Nc3 Qa5 4. a3 c6 5. h3 Nf6 6. d3 Bf5 7. Nf3 e6 8. b4 Qc7 9. Be2 Nbd7 10. Be3 a6
11. Nb1 h6 12. c3 Bd6 13. Nbd2 O-O 14. Nb3 b6 15. d4 Nd5 16. Bd2 Nf4 17. Bxf4 Bxf4 18. Nc1 Bxc1 19. Qxc1 Nf6 20. Nd2 b5
21. c4 Rfc8 22. O-O Ne4 23. cxb5 cxb5 24. Nxe4 Bxe4 25. Qe3 Bd5 26. Rfc1 Qd7 27. Rxc8+ Rxc8 28. Rc1 Rxc1+ 29. Qxc1 Qc6 30. Qxc6 Bxc6
31. f4 Bd5 32. g3=
1/2-1/2

[Event "Lions Cup Den Haag"]
[Site "SchemingMind.com"]
[Date "2013.10.10"]
[Round "-"]
[White "celticfc1888"]
[Black "Chessibelle"]
[Result "0-1"]
[WhiteCountry "IRL"]
[BlackCountry "ENG"]
[WhiteElo "1472"]
[WhiteRD "122"]
[BlackElo "1156"]
[BlackRD "57"]
[GameID "339919"]

1. e4 e5 2. Nf3 Nc6 3. a3 Nf6 4. Nc3 d6 5. h3 Be7 6. Be2 Bd7 7. d3 b6 8. Be3 g6 9. b4 O-O 10. Bh6 Re8
11. Be3 Nh5 12. Nd5 Bf8 13. Bg5 Qc8 14. Nh2 Be6 15. Bxh5 Bg7 16. Bg4 Nd4 17. Bxe6 Qxe6 18. Nxc7 Qd7 19. Nxa8 f6 20. Be3 Rxa8
21. c3 Nb5 22. Bd2 f5 23. f3 Bf6 24. O-O Bh4 25. Qb3+ Kg7 26. a4 Nc7 27. g3 Bxg3 28. Rfc1 Qe7 29. Be1 Bf4 30. Rd1 Qg5+
31. Ng4 Qh5 32. Kg2 Qg5 33. h4 Qe7 34. Nh2 h6 35. Qc2 g5 36. Qf2 Qe6 37. c4 Qg6 38. Kf1 g4 39. fxg4 fxg4 40. Qg2 h5
41. Ke2 Ne6 42. Bf2 Kf7 43. Rf1 Ke7 44. Rg1 Rg8 45. Bg3 Bh6 46. Rgf1 Nd4+ 47. Kd1 Kd7 48. Ra2 Bg7 49. Raf2 Kc6 50. Rf7 Qh6
51. Bf2 Nb3 52. Rxa7 Qd2#
0-1

[Event "Lions Cup Den Haag"]
[Site "SchemingMind.com"]
[Date "2013.10.11"]
[Round "-"]
[White "alexyongpohweng"]
[Black "celticfc1888"]
[Result "0-1"]
[WhiteCountry "MAS"]
[BlackCountry "IRL"]
[WhiteElo "1309"]
[WhiteRD "50"]
[BlackElo "1463"]
[BlackRD "87"]
[GameID "339920"]

1. e4 e5 2. Qh5 Nc6 3. Bc4 g6 4. Qf3 Nf6 5. c3 d6 6. Nh3 h6 7. O-O Bg4 8. Qe3 a6 9. f3 Bd7 10. a4 Na5
11. Ba2 Bxh3 12. gxh3 Nc6 13. Qd3 Qd7 14. b4 Qxh3 15. Rf2 Be7 16. Rg2 Nd8 17. Qc4 c6 18. Qxf7+ Nxf7 19. Na3 Qxf3 20. Bb2 Ng5
21. Rf1 Qxe4 22. Nb1 Nh5 23. Na3 Rf8 24. Rd1 Nf4 25. Rf2 Ngh3+ 26. Kf1 Nxf2 27. Re1 Qg2#
0-1

[Event "Lions Cup Den Haag"]
[Site "SchemingMind.com"]
[Date "2013.10.10"]
[Round "-"]
[White "Timaeus"]
[Black "celticfc1888"]
[Result "1-0"]
[WhiteCountry "JPN"]
[BlackCountry "IRL"]
[WhiteElo "1485"]
[WhiteRD "73"]
[BlackElo "1441"]
[BlackRD "77"]
[GameID "339921"]

1. c4 e5 2. e4 Nf6 3. d3 h6 4. Be3 d6 5. Be2 Nc6 6. h3 Be7 7. Nf3 a6 8. O-O Be6 9. Qc2 Bd7 10. Nc3 b6
11. Nh2 O-O 12. a3 Na7 13. a4 c5 14. b3 Nc6 15. Qd2 Nb4 16. Nd5 a5 17. Qe1 Nc2 18. Nxf6+ Bxf6 19. Qc3 Nxa1 20. Qxa1 Bg5
21. Qc1 Bxe3 22. Qxe3 Qf6 23. Bg4 Bxg4 24. Nxg4 Qg6 25. f4 exf4 26. Rxf4 Qe6 27. e5 dxe5 28. Nxe5 Rac8 29. Re4 f5 30. Rf4 Rcd8
31. d4 cxd4 32. Rxd4 Rxd4 33. Qxd4 Kh7 34. c5 Qxb3 35. cxb6 Qb4 36. Nc6 Qe1+ 37. Kh2 Rf6 38. b7 Rf8 39. b8=Q Rxb8= 40. Nxb8 Qb1
41. Nc6 Qe1 42. Qd5 Qe4 43. Qb5
1-0

[Event "Lions Cup Den Haag"]
[Site "SchemingMind.com"]
[Date "2013.10.15"]
[Round "-"]
[White "Iucounu"]
[Black "celticfc1888"]
[Result "1/2-1/2"]
[WhiteCountry "ENG"]
[BlackCountry "IRL"]
[WhiteElo "1464"]
[WhiteRD "57"]
[BlackElo "1463"]
[BlackRD "87"]
[GameID "339922"]

1. e4 e5 2. f4 d6 3. Nf3 exf4 4. d4 h6 5. Bxf4 Bg4 6. Bc4 Qd7 7. O-O a6 8. h3 Bh5 9. c3 Ne7 10. Nbd2 b5
11. Be2 Ng6 12. Be3 Be7 13. Nh2 Bxe2 14. Qxe2 d5 15. e5 Qe6 16. Nhf3 O-O 17. Bf2 Nf4 18. Qe3 Ng6 19. a3 Nd7 20. b4 c6
21. Qe1 Nb6 22. Nh4 Nxh4 23. Bxh4 Bxh4 24. Qxh4 Ra7 25. Qf4 Nc8 26. Rf3 Ne7 27. Raf1 Ng6 28. Qe3 Nh4 29. Rf4 Ng6 30. R4f3 Nh4
31. Rf4 Ng6 32. R4f3 Nh4 33. Rf4 Ng6=
1/2-1/2

[Event "Lions Cup Den Haag"]
[Site "SchemingMind.com"]
[Date "2013.10.10"]
[Round "-"]
[White "Chessibelle"]
[Black "celticfc1888"]
[Result "0-1"]
[WhiteCountry "ENG"]
[BlackCountry "IRL"]
[WhiteElo "1156"]
[WhiteRD "57"]
[BlackElo "1472"]
[BlackRD "122"]
[GameID "339923"]

1. Nf3 d5 2. d4 h6 3. Nc3 Nf6 4. e3 a6 5. Bd3 Bg4 6. b3 e6 7. Be2 Bb4 8. Bd2 c6 9. O-O O-O 10. h3 Bh5
11. a3 Bxc3 12. Bxc3 Re8 13. Bd3 Nbd7 14. Qd2 b6 15. b4 Bxf3 16. gxf3 g6 17. e4 Kh7 18. Bb2 Rg8 19. Bc1 g5 20. Re1 Nh5
21. Kf1 Nf4 22. exd5+ Kh8 23. Bc4 cxd5 24. Bb3 Nxh3 25. Qe2 Nf8 26. Qe5+ f6 27. Qg3 Nf4 28. Qh2 Kh7 29. c3 Rc8 30. Bd2 Qd6
31. Rec1 b5 32. Bc2+ f5 33. Be3 Rxc3 34. Kg1 Ne2+
0-1

[Event "Lions Cup Den Haag"]
[Site "SchemingMind.com"]
[Date "2013.10.11"]
[Round "-"]
[White "fouche"]
[Black "alexyongpohweng"]
[Result "1-0"]
[WhiteCountry "COL"]
[BlackCountry "MAS"]
[WhiteElo "1604"]
[WhiteRD "69"]
[BlackElo "1324"]
[BlackRD "46"]
[GameID "339925"]

1. c4 c5 2. Nc3 d6 3. Nf3 Nf6 4. d4 g6 5. d5 Bg7 6. e4 O-O 7. Bd3 Bg4 8. O-O Bxf3 9. Qxf3 Na6 10. a3 Qc8
11. Be3 b6 12. Qe2 e6 13. f4 exd5 14. cxd5 Rb8 15. Bxa6 Qd8 16. Bf2 Nd7 17. Rad1 Bxc3 18. bxc3 Qf6 19. Qe3 Qg7 20. c4 f5
21. Be1 fxe4 22. Qxe4 Nf6 23. Qe6+ Rf7 24. Bc3 Qf8 25. Bxf6 h6 26. Bc3 Rd8 27. f5 Re8 28. Qxg6+ Rg7 29. Bxg7 Qf7 30. Bxh6+ Qxg6
31. fxg6 Re7 32. Rf8#
1-0

[Event "Lions Cup Den Haag"]
[Site "SchemingMind.com"]
[Date "2013.10.10"]
[Round "-"]
[White "fouche"]
[Black "Timaeus"]
[Result "1-0"]
[WhiteCountry "COL"]
[BlackCountry "JPN"]
[WhiteElo "1623"]
[WhiteRD "70"]
[BlackElo "1485"]
[BlackRD "73"]
[GameID "339926"]

1. d4 d5 2. Nf3 e6 3. e3 Nc6 4. Bb5 Bd7 5. O-O Nf6 6. c4 Bd6 7. Nc3 dxc4 8. Bxc4 O-O 9. a3 h6 10. e4 e5
11. d5 Ne7 12. h3 a6 13. Be3 Ng6 14. Nd2 c6 15. b4 b6 16. Qc2 b5 17. Bb3 Qe7 18. f3 Nh5 19. Ne2 Rac8 20. Qa2 cxd5
21. Bxd5 Nf6 22. Rfc1 Rxc1+ 23. Rxc1 Nf4 24. Nxf4 exf4 25. Bd4 Be5 26. Bf2 Be6 27. Rc6 Bc8 28. Bc5 Qd7 29. Bxf8 Kxf8 30. Nb3 Bb7
31. Nc5 Qe8 32. Nxb7 Qd7 33. Nc5 Qd8 34. Nxa6 Nxd5 35. Qxd5 Bd4+ 36. Kh1 Bf6 37. Qxd8+ Bxd8 38. Rc8 Ke8 39. Ra8 Ke7 40. Nc5 g6
41. Rxd8 Kxd8 42. Kg1 Kc7 43. Kf1 g5 44. Kf2 Kd6 45. Ke2 Ke5 46. Kd3 f6 47. a4 bxa4 48. Nxa4 Kd6 49. Kc4 Kc6 50. b5+ Kb7
51. Kc5 Kc7 52. b6+ Kb7 53. Kb5 Kb8 54. Kc6 Kc8 55. Nc5 Kb8 56. b7 Ka7 57. Nd7 h5 58. b8=Q+ Ka6 59. Qa8#
1-0

[Event "Lions Cup Den Haag"]
[Site "SchemingMind.com"]
[Date "2013.10.15"]
[Round "-"]
[White "fouche"]
[Black "Iucounu"]
[Result "1-0"]
[WhiteCountry "COL"]
[BlackCountry "ENG"]
[WhiteElo "1623"]
[WhiteRD "70"]
[BlackElo "1289"]
[BlackRD "49"]
[GameID "339927"]

1. c4 e5 2. Nc3 Nf6 3. d3 Nc6 4. Nf3 d5 5. g3 dxc4 6. dxc4 Qxd1+ 7. Kxd1 Bg4 8. Bg2 O-O-O+ 9. Ke1 h6 10. Be3 Bb4
11. h3 Bxf3 12. Bxf3 Bxc3+ 13. bxc3 e4 14. Rd1 exf3 15. exf3 Rxd1+ 16. Kxd1 Rd8+ 17. Ke2 b6 18. Rb1 Ne5 19. c5 Nd5 20. Rc1 Nxe3
21. fxe3 Kb7 22. cxb6 axb6 23. c4 Rd6 24. c5 Rc6 25. f4 Nd7 26. Kf3 Rxc5 27. Rd1 Kc6 28. g4 Rd5 29. Rc1+ Rc5 30. Rd1 Rc2
31. Ra1 Nc5 32. a4 Rc4 33. a5
1-0

[Event "Lions Cup Den Haag"]
[Site "SchemingMind.com"]
[Date "2013.10.10"]
[Round "-"]
[White "fouche"]
[Black "celticfc1888"]
[Result "1-0"]
[WhiteCountry "COL"]
[BlackCountry "IRL"]
[WhiteElo "1616"]
[WhiteRD "67"]
[BlackElo "1463"]
[BlackRD "87"]
[GameID "339928"]

1. f4 d6 2. Nf3 h6 3. e3 a6 4. Be2 Nf6 5. O-O Bg4 6. Nc3 c5 7. h3 Bh5 8. b3 e6 9. Bb2 Qd7 10. e4 Bxf3
11. Bxf3 e5 12. fxe5 dxe5 13. Ne2 b6 14. c3 Bd6 15. d4 cxd4 16. cxd4 exd4 17. Bxd4 Bc5 18. Bxc5 bxc5 19. e5 Qxd1 20. Raxd1 Ra7
21. exf6 gxf6 22. Nf4 O-O 23. Nh5 Nd7 24. Rxd7 Rxd7 25. Nxf6+
1-0

[Event "Lions Cup Den Haag"]
[Site "SchemingMind.com"]
[Date "2013.10.10"]
[Round "-"]
[White "fouche"]
[Black "Chessibelle"]
[Result "1-0"]
[WhiteCountry "COL"]
[BlackCountry "ENG"]
[WhiteElo "1616"]
[WhiteRD "67"]
[BlackElo "1129"]
[BlackRD "55"]
[GameID "339929"]

1. e4 e5 2. f4 Nc6 3. Nf3 d6 4. Bc4 h6 5. O-O Nf6 6. d4 Bd7 7. fxe5 Nxe4 8. Be3 Be7 9. c3 O-O 10. Nbd2 Bf5
11. Nxe4 Bxe4 12. exd6 Qxd6 13. Bd3 Bd5 14. a3 Rfe8 15. Qd2 g5 16. c4 Be6 17. Rad1 Bf6 18. d5 Bd7 19. dxc6 Bxc6 20. b4 a6
21. c5 Qe6 22. Rde1 Qg4 23. Be2 Qh5 24. Nxg5 Qg6 25. Bd3 Qg7 26. Nf3 Bd7 27. Qc2 Kf8 28. Bf2 Bh3 29. Bg3 Bg4 30. Qc4 Be6
31. Qc2 Be7 32. Bxc7 f5 33. Rxe6 Qf7 34. Bxf5 Rac8 35. Bd6 Kg7 36. Bxe7 Rxe7 37. Rg6+ Kf8 38. Bxc8 h5 39. Ng5
1-0

[Event "Lions Cup Den Haag"]
[Site "SchemingMind.com"]
[Date "2013.10.11"]
[Round "-"]
[White "alexyongpohweng"]
[Black "fouche"]
[Result "0-1"]
[WhiteCountry "MAS"]
[BlackCountry "COL"]
[WhiteElo "1309"]
[WhiteRD "50"]
[BlackElo "1616"]
[BlackRD "67"]
[GameID "339930"]

1. e4 e6 2. d4 d5 3. e5 c5 4. dxc5 Bxc5 5. Nf3 Nc6 6. Bb5 Bd7 7. Bxc6 Bxc6 8. O-O Ne7 9. c3 Ng6 10. Bg5 Be7
11. Bxe7 Qxe7 12. Nbd2 O-O 13. a4 Rad8 14. b3 Qc7 15. b4 Nxe5 16. Nxe5 Qxe5 17. Re1 Qxc3 18. Nf3 Qxb4 19. a5 d4 20. Qc2 Bxf3
21. gxf3 Rc8 22. Red1 Rxc2 23. a6 bxa6 24. Rxa6 Rd2 25. Rf1 Qb5 26. Rxa7 Qg5+ 27. Kh1 Qh4 28. Kg1 h6 29. Kg2 e5
0-1

[Event "Lions Cup Den Haag"]
[Site "SchemingMind.com"]
[Date "2013.10.10"]
[Round "-"]
[White "Timaeus"]
[Black "fouche"]
[Result "0-1"]
[WhiteCountry "JPN"]
[BlackCountry "COL"]
[WhiteElo "1485"]
[WhiteRD "73"]
[BlackElo "1623"]
[BlackRD "70"]
[GameID "339931"]

1. c4 Nf6 2. d3 e6 3. e4 Be7 4. h3 O-O 5. Nf3 d6 6. Be2 Nbd7 7. Be3 e5 8. Qc2 b6 9. Nbd2 Bb7 10. O-O c6
11. b4 d5 12. b5 d4 13. Bg5 c5 14. a3 a5 15. a4 h6 16. Bxf6 Nxf6 17. Nxe5 Bd6 18. Nef3 Nd7 19. g3 Ne5 20. Kg2 Qd7
21. Ng1 f5 22. f4 fxe4 23. dxe4 Ng6 24. f5 Ne5 25. Bh5 Rxf5 26. Rxf5 d3 27. Qc1 Bxe4+ 28. Nxe4 Qxf5 29. Bf3 Nxf3 30. Qf1 Nh4+
31. gxh4 Qxe4+ 32. Nf3 Rf8 33. Re1 Qxc4 34. Re3 Qc2+ 35. Kg1 d2 36. Rd3 Bg3 37. Rxd2 Qc3 38. Qg2 Rxf3 39. Rd8+ Kh7 40. Rd1 Qe3+
41. Kh1 Rf2 42. Qg1 Rh2+ 43. Qxh2 Bxh2 44. Rf1 Qxh3 45. Rf2 Be5+ 46. Kg1 Bd4 47. h5 Qg3+
0-1

[Event "Lions Cup Den Haag"]
[Site "SchemingMind.com"]
[Date "2013.10.15"]
[Round "-"]
[White "Iucounu"]
[Black "fouche"]
[Result "1/2-1/2"]
[WhiteCountry "ENG"]
[BlackCountry "COL"]
[WhiteElo "1494"]
[WhiteRD "57"]
[BlackElo "1604"]
[BlackRD "69"]
[GameID "339932"]

1. e4 e6 2. d4 d5 3. Nc3 dxe4 4. Nxe4 Nf6 5. Nxf6+ Qxf6 6. Nf3 Nd7 7. Bg5 Qg6 8. Bd3 f5 9. g4 h6 10. gxf5 exf5
11. Qe2+ Ne5 12. Qxe5+ Kf7 13. Bc4+ Be6 14. Qxc7+ Kg8 15. Bxe6+ Qxe6+ 16. Qe5 Qc6 17. Qxf5 hxg5 18. O-O-O Rh6 19. d5 Qa6 20. Nxg5 Qxa2
21. Qf7+ Kh8 22. Ne6 Qa1+ 23. Kd2 Qxb2 24. Nxf8 Qd4+ 25. Kc1 Qa1+ 26. Kd2 Qd4+ 27. Kc1 Qa1+=
1/2-1/2

[Event "Lions Cup Den Haag"]
[Site "SchemingMind.com"]
[Date "2013.10.10"]
[Round "-"]
[White "celticfc1888"]
[Black "fouche"]
[Result "0-1"]
[WhiteCountry "IRL"]
[BlackCountry "COL"]
[WhiteElo "1472"]
[WhiteRD "122"]
[BlackElo "1587"]
[BlackRD "66"]
[GameID "339933"]

1. e4 e6 2. Nf3 d5 3. exd5 exd5 4. h3 Nc6 5. d4 Nf6 6. a3 Bd6 7. Bg5 O-O 8. Be2 Bf5 9. Nbd2 h6 10. Bh4 Re8
11. O-O Re6 12. c3 Qe8 13. Re1 Ne4 14. Nxe4 Bxe4 15. Kf1 Ne7 16. Kg1 Nf5 17. b3 Bxf3 18. gxf3 Nxh4 19. Kh1 Qe7 20. Rg1 Rxe2
21. Qf1 Nxf3 22. Rg4 c5
0-1